00521 2200193 4500001002100000005001500021035002000036007000300056008004100059020002200100082001300122084002000135100001800155245006100173250000600234260003700240300004000277650001000317INLIS00000000000203920260223123733 a0010-0226000049ta260223 d 1 ind  a978-979-20-4686-4 a741.5592 a741.5592 HIR u0 aHiroko Kazama1 aUshimitsu No Mori 2 :bForbidden Past 2 /cHiroko Kazama a- aJakarta :bElex Media Komputindo a203 hlm. :bilus. ;c11.5 x 17.5 cm aKomik